Gesellschaftliche Ordnungssysteme : Zweite Lieferung, beiträge M-U /

I tiakina i:
Ngā taipitopito rārangi puna kōrero
Ētahi atu kaituhi: Nell-Breuning, Oswald von (edición) (edición), Sacher, Hermann (edición) (edición)
Hōputu: Pukapuka
Reo:German
I whakaputaina: Friburgo, Alemania : Herder, 1957, c1957
Rangatū:(Wörterbuch der Politik ; 5/2)
Ngā marau:
Ngā Tūtohu: Tāpirihia he Tūtohu
Kāore He Tūtohu, Me noho koe te mea tuatahi ki te tūtohu i tēnei pūkete!

MARC

LEADER 00000nam^a2200000^a^4500
001 000318198
005 20250521000000.0
009 20260310113405.254
025 |a Donación Jesús Vergara Aceves, 1 ejemplar 
037 |a Acervo Xavier Clavigero 
041 |a ALE 
082 |a 320. 03  |b WOR V. 5 T. 2 
240 1 1 |a [Wörterbuch der Politik] 
240 1 1 |a [Gesellschaftliche Ordnungssysteme] 
245 0 0 |a Gesellschaftliche Ordnungssysteme :  |b Zweite Lieferung, beiträge M-U /  |c Ed. de O. von Nell-Breuning, H. Sacher. 
264 4 |a Friburgo, Alemania :  |b Herder,  |c 1957, c1957 
300 |a 222-482 p. 
336 |a texto  |b txt  |2 rdacontenido 
337 |a sin mediación  |b n  |2 rdamedio 
338 |a volumen  |b nc  |2 rdasoporte 
440 1 |a (Wörterbuch der Politik ;  |v 5/2) 
649 |a XX 
650 |a Política -  |x Enciclopedias y Diccionarios -  |x Tema Principal 
650 |a Ideología 
650 |a Organización Social -  |x Teoría -  |x Tema Principal 
650 |a Sociología 
650 |a Enciclopedias y Diccionarios 
700 |a Nell-Breuning, Oswald von  |e (edición) 
700 |a Sacher, Hermann  |e (edición) 
910 |a Fondo Jesús Vergara Aceves S.J. 
920 |a Impresos - Libros 
930 |a Fondos Especiales 
905 |a 119 
901 |a 0500205292  |b IT2  |c ESP  |i D  |u 20250521 
902 |a https://opac.biblio.iteso.mx/vufind/Record/000318198